000 00588nam a2200193Ia 4500
003 IN-BaIIA
008 211028s9999 xx 000 0 eng d
020 _a3-540-18910-6
040 _cIIA Library
080 _a523
_bENC
100 _aEncrenaz, T.
_916639
245 4 _aThe solar system
_cT Encrenaz, J P Bibring and M Blanc
260 _aBerlin
_bSpringer-Verlag
_c1990
300 _axiv, 330p.
490 _aAstronomy and astrophysics library
650 _aAstronomy and astrophysics thesaurus
650 _aSolar system
942 _cBK
999 _c9826
_d9826